| 000 | 01729nam a2200373Ia 4500 | ||
|---|---|---|---|
| 001 | ebr10135402 | ||
| 003 | CaPaEBR | ||
| 006 | m u | ||
| 007 | cr cn||||||||| | ||
| 008 | 041022s2005 nyu sb 001 0 eng d | ||
| 010 | _z 2004061824 | ||
| 020 | _z1403978344 | ||
| 020 | _z1403969019 | ||
| 040 |
_aCaPaEBR _cCaPaEBR |
||
| 035 | _a(OCoLC)123537767 | ||
| 050 | 1 | 4 |
_aJQ1654 _b.K87 2005eb |
| 082 | 0 | 4 |
_a320.952 _222 |
| 100 | 1 |
_aKuroda, Yasumasa, _d1931- |
|
| 245 | 1 | 4 |
_aThe core of Japanese democracy _h[electronic resource] : _blatent interparty politics / _cYasumasa Kuroda. |
| 260 |
_aNew York : _bPalgrave Macmillan, _c2005. |
||
| 300 | _axiv, 254 p. | ||
| 504 | _aIncludes bibliographical references and index. | ||
| 505 | 0 | _a1. Introduction : dissimulation, enigma, formalist, prismatic society to bilayer theory -- 2. The bilayer theory -- 3. Japanese politics in bilayer perspective -- 4. The history of IPRC politics : 1890-1993 -- 5. The origin and nature of the bilayer structure -- 6. The core of Japanese democracy -- 7. Conclusion : summary and implications. | |
| 533 |
_aElectronic reproduction. _bPalo Alto, Calif. : _cebrary, _d2011. _nAvailable via World Wide Web. _nAccess may be limited to ebrary affiliated libraries. |
||
| 610 | 1 | 0 |
_aJapan. _bKokkai _xDecision making. |
| 650 | 0 |
_aLegislators _zJapan. |
|
| 650 | 0 |
_aNegotiation _zJapan. |
|
| 650 | 0 |
_aDemocracy _zJapan. |
|
| 650 | 0 |
_aPolitical parties _zJapan. |
|
| 651 | 0 |
_aJapan _xPolitics and government _y1945- _xDecision making. |
|
| 655 | 7 |
_aElectronic books. _2local |
|
| 710 | 2 | _aebrary, Inc. | |
| 856 | 4 | 0 |
_uhttp://site.ebrary.com/lib/rucke/Doc?id=10135402 _zAn electronic book accessible through the World Wide Web; click to view |
| 999 |
_c85055 _d85055 |
||